| 000 | 00887cam0a220026500 4500 | ||
|---|---|---|---|
| 001 | qce01025882 | ||
| 005 | 20190830104217.0 | ||
| 008 | 750725s1958 ilu 001 0 eng | ||
| 010 | _a 58008418 /L | ||
| 035 | _a(Sirsi) r111613 | ||
| 035 | _a(QCAT)lss00913343 | ||
| 035 | _a(UPRA)qce01025882 | ||
| 040 | _dUPRA | ||
| 043 | _an-us--- | ||
| 100 | 1 |
_aDeWitt, Clinton, 1888- _dDeWitt, Clinton, 1888- _6A72357.1 |
|
| 245 | 1 | 0 |
_aPrivileged communications between physician and patient / _cby Clinton DeWitt. |
| 260 |
_aSpringfield, IL : _bThomas, _cc1958. |
||
| 504 | _aIncludes index. | ||
| 504 | _aBibliographical footnotes. | ||
| 650 | 2 |
_aPhysician-patient relations _6S19110.1 |
|
| 650 | 2 |
_aEthics, Medical _6S720.1 |
|
| 949 |
_aKB203 _wlcc _i33729001494116 _mMAIN _p2500 _tBOOK _lON-SHELF |
||
| 949 |
_aKB203 _wlcc _i33729001494124 _mMAIN _p2500 _tBOOK _lON-SHELF |
||
| 004 | 111613 | ||
| 999 |
_c185559 _d185559 |
||